<?xml version="1.0" encoding="UTF-8"?>
<marc:record xmlns:marc="http://www.loc.gov/MARC21/slim">
   <marc:leader>00000nam a2200000 a 4500</marc:leader>
   <marc:datafield ind1="1" ind2=" " tag="100">
      <marc:subfield code="a">Abidi, Heike</marc:subfield>
      <marc:subfield code="4">aut</marc:subfield>
      <marc:subfield code="e">Verfasser/-in</marc:subfield>
   </marc:datafield>
   <marc:datafield ind1="0" ind2="0" tag="245">
      <marc:subfield code="a">Alles, was Mädchen wissen sollten, bevor sie dreizehn werden</marc:subfield>
   </marc:datafield>
   <marc:datafield ind1=" " ind2="1" tag="264">
      <marc:subfield code="b">Oetinger</marc:subfield>
      <marc:subfield code="c">2018</marc:subfield>
   </marc:datafield>
   <marc:datafield ind1="1" ind2=" " tag="520">
      <marc:subfield code="a">Wie überlebe ich bloß die Pubertät? Ganz schön tricky, wenn der Körper auf einmal verrücktspielt, das Leben zur einzigen Gefühlsachterbahn mutiert und sich die Sache mit der Liebe als furchtbar kompliziert herausstellt! Henriette hat dies alles einmal gründlich untersucht und trägt ihre Ergebnisse in diesem Buch als Blogeinträge, Checklisten und kleine Interviews zusammen – mit vielen Tipps und Tricks für alle Mädchen, die bald 13 werden.</marc:subfield>
   </marc:datafield>
   <marc:datafield ind1=" " ind2=" " tag="020">
      <marc:subfield code="a">9783864300622</marc:subfield>
      <marc:subfield code="9">9783864300622</marc:subfield>
   </marc:datafield>
</marc:record>
